000 00653nam a22002057a 4500
003 OSt
005 20251104004905.0
008 251028b |||||||| |||| 00| 0 eng d
020 _a978-971-9980-37-2
040 _aDWCL - Main Lib
_cOC
082 _22nd
_aRes. 510 L321 2023
100 _aLardizabal, Jaigie B.
245 _aiMath 8 /
_cJaigie B. Lardizabal
260 _aCainta Rizal, Philipines :
_biBook Publishing House,
_cc2023.
300 _ax, 357 pages :
_bcolor illustrations ;
_c25 cm.
490 _aK to 12 Curriculum Series
650 _a1. Mathematics - Algebra
700 _aI. Karen C. Flores
942 _2ddc
_cBK-0 CIRC
_e2nd
_mRes.
_n0
999 _c5220
_d5220